Southville International School and Colleges
Your cart is empty.
  • Cart
  • Lists
    Public lists Eva Luna New books Lux_list list_1
    Your lists Log in to create your own lists
  • Log in to your account
  • Your cookies
  • Search history
Southville International School and Colleges
  • Advanced search
  • Recent comments
  • Most popular
  • Libraries

Log in to your account

Log in with GOOGLE


If you do not have an external account, but do have a local account, you can still log in:

  1. Home
  2. MARC view: Charlie and the great glass elevator /
Normal view MARC view ISBD view

Charlie and the great glass elevator / (Record no. 110701)

[ view plain ]
MARC details
000 -LEADER
fixed length control field 00738nam a2200217 a 4500
001 - CONTROL NUMBER
control field 4078
003 - CONTROL NUMBER IDENTIFIER
control field MO
005 - DATE AND TIME OF LATEST TRANSACTION
control field 20170314100653.0
008 - FIXED-LENGTH DATA ELEMENTS--GENERAL INFORMATION
fixed length control field 081222s19uu xx 00 eng d
020 ## - INTERNATIONAL STANDARD BOOK NUMBER
International Standard Book Number 0-14-130112-0
050 ## - LIBRARY OF CONGRESS CALL NUMBER
Classification number TR
Item number D11 1998
100 ## - MAIN ENTRY--PERSONAL NAME
Personal name Dahl, Roald
245 ## - TITLE STATEMENT
Title Charlie and the great glass elevator /
Statement of responsibility, etc by Roald Dahl ; illustrated by Quentin Blake.
260 ## - PUBLICATION, DISTRIBUTION, ETC. (IMPRINT)
Place of publication, distribution, etc New York :
Name of publisher, distributor, etc Scholastic,
Date of publication, distribution, etc 1998.
300 ## - PHYSICAL DESCRIPTION
Extent 159 p. ; 24 cm.
520 ## - SUMMARY, ETC.
Summary, etc Taking up where Charlie and the Chocolate Factory leaves off, Charlie, his family, and Mr. Wonka find themselves launched into space in the great glass elevator.
650 ## - SUBJECT ADDED ENTRY--TOPICAL TERM
Topical term or geographic name as entry element Outer space
General subdivision Fiction.
700 ## - ADDED ENTRY--PERSONAL NAME
Personal name Blake, Quentin, ill.
942 ## - ADDED ENTRY ELEMENTS (KOHA)
Source of classification or shelving scheme Dewey Decimal Classification
Koha item type Books
Holdings
Withdrawn status Lost status Source of classification or shelving scheme Damaged status Home library Current library Shelving location Date acquired Source of acquisition Cost, normal purchase price Total Checkouts Full call number Barcode Date last seen Price effective from Koha item type
    Library of Congress Classification   Munich Library Munich Library Fiction Section 12/22/2008 Library Fund 265.00   FIC D11 1998 M1176 04/14/2014 04/14/2014 Books

Charlie and the great glass elevator /

APA

Dahl R., Blake Q. i., . (1998). Charlie and the great glass elevator. New York: Scholastic.

Chicago

Dahl Roald, Blake Quentin ill, . 1998. Charlie and the great glass elevator. New York: Scholastic.

Harvard

Dahl R., Blake Q. i., . (1998). Charlie and the great glass elevator. New York: Scholastic.

MLA

Dahl Roald, Blake Quentin ill, . Charlie and the great glass elevator. New York: Scholastic. 1998.

  • Place hold
  • Print
  • Cite
  • Add to your cart (remove)
  • Save record
    BIBTEX Dublin Core MARCXML MARC (non-Unicode/MARC-8) MARC (Unicode/UTF-8) MARC (Unicode/UTF-8, Standard) MODS (XML) RIS
  • More searches
    Search for this title in:
    Other Libraries (WorldCat) Other Databases (Google Scholar) Online Stores (Bookfinder.com) Open Library (openlibrary.org)

Exporting to Dublin Core...

SOUTHVILLE LIBRARY

Southville International School and Colleges Library

1281 Tropical Ave. Cor. Luxembourg St., BF Homes International, Las Pinas City

Tel. No. 8256374 / 252358 Loc. 117/146

Powered by Koha